| 000 | 01828cam a2200445 a 4500 | ||
|---|---|---|---|
| 001 | 15360898 | ||
| 003 | OSt | ||
| 005 | 20231110110750.0 | ||
| 008 | 080710s2007 su b 000 0beng d | ||
| 010 | _a 2008334034 | ||
| 020 | _a9960988198 | ||
| 020 | _a9789960988191 | ||
| 035 | _a(OCoLC)ocn244205396 | ||
| 040 |
_aWAU _cWAU _dPAU _dOCLCA _dDLC |
||
| 041 | 1 |
_aeng _hara |
|
| 042 |
_alccopycat _alcode |
||
| 043 |
_aaw----- _aff----- _ae-sp--- _aa-ir--- |
||
| 050 | 0 | 0 |
_aBP80.M883 _bI263 2007 |
| 066 | _c(3 | ||
| 082 |
_a297.092 _bIBN/B |
||
| 100 | 1 |
_6880-01 _aIbn ʻAbdul-Maujood, Salaahud-Deen ibn ʻAlee. |
|
| 240 | 1 | 0 |
_aSīrat al-Imām Muslim ibn al-Ḥajjāj. _lEnglish |
| 245 | 1 | 4 |
_aThe biography of Imām Muslim bin al-Hajjāj : _bthe author of Sahīh Muslim (d. 261 H) / _cwritten by Salahuddin ʻAli Abdul Mawjood ; translated by Abu Bakr Ibn Nasir. |
| 246 | 3 | 0 | _aImām Muslim bin al-Hajjāj |
| 246 | 1 |
_6880-02 _iTitle on p. [4] of cover: _aSīrat al-Imām Muslim ibn al-Ḥajjāj |
|
| 250 | _a1st ed. | ||
| 260 |
_aRiyadh : _bDarussalam, _c2007. |
||
| 300 |
_a239 p. ; _c22 cm. |
||
| 504 | _aIncludes bibliographical references. | ||
| 546 | _aIn English. | ||
| 600 | 0 | 0 |
_aMuslim ibn al-Ḥajjāj al-Qushayrī, _dapproximately 821-875. |
| 650 | 0 |
_aHadith scholars _zIslamic Empire _vBiography. |
|
| 650 | 0 |
_aMuslim scholars _zIran _vBiography. |
|
| 700 | 1 | _aIbn Nasir, Abu Bakr. | |
| 880 | 1 |
_6100-01/(3/r _aابن عبد الموجود، صلاح الدين بن علي. |
|
| 880 | 1 | 4 |
_6246-02/(3/r _iTitle on p. [4] of cover: _aسيرة الإمام مسلم بن الحجاج |
| 906 |
_a7 _bcbc _ccopycat _d3 _encip _f20 _gy-nonroman |
||
| 942 |
_2ddc _cBK _h297.092 _iIBN/B _k297.092 _mIBN/B |
||
| 999 |
_c43020 _d43020 |
||